| 000 | 00000nam 2200000zi 4500 |
| 001 | 9.922294 |
| 003 | CaOODSP |
| 005 | 20230504164847 |
| 006 | m o d f |
| 007 | cr |n||||||||| |
| 008 | 230504t19981998onc o f000 0|eng d |
| 020 | |z0662635582 |
| 040 | |aCaOODSP|beng|erda|cCaOODSP |
| 043 | |an-cn--- |
| 086 | 1 |aC2-350/1998E-PDF|zC2-350/1998 |
| 245 | 00|aIntroducing-- voluntary codes : |ba guide for their development and use. |
| 264 | 1|a[Ottawa] : |bIndustry Canada = Industrie Canada, |c[1998] |
| 264 | 4|c©1998 |
| 300 | |a1 online resource (2 unnumbered pages) |
| 336 | |atext|btxt|2rdacontent |
| 337 | |acomputer|bc|2rdamedia |
| 338 | |aonline resource|bcr|2rdacarrier |
| 500 | |aDigitized edition from print [produced by Innovation, Science and Economic Development Canada]. |
| 500 | |aIssued also in French under title: À propos de-- les codes volontaires : guide d'élaboration et d'utilisation. |
| 500 | |a"51953B." |
| 650 | 0|aStandardization|zCanada. |
| 650 | 0|aCorporations|xStandards|zCanada. |
| 650 | 0|aConsumer protection|zCanada|xCitizen participation. |
| 650 | 0|aProfessional associations|xStandards|zCanada. |
| 650 | 0|aTrade associations|xStandards|zCanada. |
| 710 | 1 |aCanada. |bIndustry Canada, |eissuing body. |
| 775 | 08|tÀ propos de-- les codes volontaires : |w(CaOODSP)9.922296 |
| 856 | 40|qPDF|s374 KB|uhttps://publications.gc.ca/collections/collection_2023/isde-ised/c2/C2-350-1998-eng.pdf |